[Event "Dos Hermanas rapid 31st"]
[Site "Dos Hermanas"]
[Date "2019.05.25"]
[Round "7"]
[White "De Dios Ortega, Juan Manuel"]
[Black "Diaz Castro, Sergio"]
[Result "0-1"]
[WhiteElo "2054"]
[BlackElo "2279"]
[PlyCount "71"]
[EventDate "2019.05.25"]
[EventType "swiss (rapid)"]
[EventRounds "8"]
[EventCountry "ESP"]
[SourceTitle "CBM 190 Extra"]
[Source "ChessBase"]
[SourceDate "2019.07.15"]
[SourceVersion "1"]
[SourceVersionDate "2019.07.15"]
[SourceQuality "1"]

1. e4 g6 2. d4 Bg7 3. Nc3 d6 4. f4 c6 5. h3 Nf6 6. Nf3 Qa5 7. Bd3 Nbd7 8. 0-0 e5 9. fxe5 dxe5 10. Be3 0-0 11. Qd2 exd4 12. Bxd4 Nh5 13. Bxg7 Nxg7 14. Qf2 Ne5 15. Qd4 Nxf3+ 16. Rxf3 Ne6 17. Qe3 Qe5 18. Raf1 Nd4 19. R3f2 Be6 20. Ne2 Nxe2+ 21. Rxe2 Qxb2 22. c4 Qe5 23. Kh1 Rad8 24. Ree1 Qd4 25. Bb1 Bxc4 26. Qxd4 Rxd4 27. Rf3 Rfd8 28. Rfe3 Rd1 29. Kh2 Rxe1 30. Rxe1 Rd2 31. a4 a5 32. Kg3 Kf8 33. Kf3 Ke7 34. Ke3 Rxg2 35. Kd4 Bb3 36. e5 0-1

[Event "Seville op 40th"]
[Site "Seville"]
[Date "2015.01.30"]
[Round "7"]
[White "Carrabeo Garcia, Manuel"]
[Black "De Dios Ortega, Juan Manuel"]
[Result "1-0"]
[WhiteElo "2160"]
[BlackElo "2004"]
[PlyCount "115"]
[EventDate "2015.01.25"]
[EventType "swiss"]
[EventRounds "9"]
[EventCountry "ESP"]
[SourceTitle "CBM 164 Extra"]
[Source "ChessBase"]
[SourceDate "2015.03.02"]
[SourceVersion "1"]
[SourceVersionDate "2015.03.02"]
[SourceQuality "1"]

1. d4 d6 2. c4 e5 3. Nf3 Nd7 4. Nc3 Ngf6 5. Bg5 Be7 6. Qc2 c6 7. e3 h6 8. Bh4 Nh5 9. Bxe7 Qxe7 10. 0-0-0 Nhf6 11. Bd3 0-0 12. g4 Re8 13. g5 e4 14. gxf6 exd3 15. Qxd3 Nxf6 16. Nd2 a6 17. e4 b5 18. f3 bxc4 19. Nxc4 Be6 20. Rhg1 Nh5 21. Qe3 Bxc4 22. Qxh6 Qf6 23. Qxh5 Rab8 24. Rg2 Qf4+ 25. Kb1 Qe3 26. Qg5 Qxg5 27. Rxg5 f6 28. Rg3 Kf7 29. Rdg1 Rg8 30. Kc2 Be6 31. b3 d5 32. Na4 Rbe8 33. Nc5 dxe4 34. fxe4 a5 35. Rg6 f5 36. Nxe6 Rxe6 37. exf5 Re2+ 38. Kc3 Rxh2 39. f6 Rxa2 40. fxg7 a4 41. b4 Rf2 42. Rxc6 Rf3+ 43. Kc4 a3 44. Rc7+ Kf6 45. Rg2 Rf1 46. Kb3 Rf3+ 47. Ka2 Rd3 48. Ra7 Ke6 49. Rxa3 Rxd4 50. Rf3 Ra8+ 51. Kb3 Rdd8 52. Re2+ Kd6 53. Rd3+ Kc6 54. Rxd8 Rxd8 55. Rg2 Rg8 56. Kc4 Kb6 57. Kd5 Kb5 58. Ke6 1-0

[Event "Seville op 40th"]
[Site "Seville"]
[Date "2015.01.28"]
[Round "5"]
[White "Diaz Castro, Sergio"]
[Black "De Dios Ortega, Juan Manuel"]
[Result "0-1"]
[WhiteElo "2255"]
[BlackElo "2004"]
[PlyCount "72"]
[EventDate "2015.01.25"]
[EventType "swiss"]
[EventRounds "9"]
[EventCountry "ESP"]
[SourceTitle "CBM 164 Extra"]
[Source "ChessBase"]
[SourceDate "2015.03.02"]
[SourceVersion "1"]
[SourceVersionDate "2015.03.02"]
[SourceQuality "1"]

1. e4 d6 2. d4 Nf6 3. Nc3 e5 4. Nf3 Nbd7 5. Bc4 Be7 6. 0-0 0-0 7. a4 c6 8. Re1 a5 9. h3 b6 10. Ba2 Bb7 11. Be3 Qc7 12. Nh4 exd4 13. Qxd4 Nc5 14. Nf5 Rad8 15. Rad1 Bc8 16. Nxe7+ Qxe7 17. Bf4 Ne8 18. Bg3 Kh8 19. e5 d5 20. Bh4 g5 21. Bxg5 Qxg5 22. e6+ f6 23. e7 Rg8 24. g3 Rd6 25. b4 axb4 26. Qxb4 Bxh3 27. a5 Qg4 28. Qxg4 Bxg4 29. axb6 Bxd1 30. Na4 Nb7 31. Rxd1 Rg7 32. c4 dxc4 33. Re1 Rg4 34. Nb2 c3 35. Bf7 cxb2 36. Bxe8 Re4 0-1

[Event "Dublin City Masters"]
[Site "Dublin"]
[Date "2013.09.15"]
[Round "5"]
[White "Kalinins, Valentine"]
[Black "De Dios Ortega, Juan Manuel"]
[Result "1/2-1/2"]
[WhiteElo "2196"]
[BlackElo "1906"]
[PlyCount "35"]
[EventDate "2013.09.13"]
[EventType "swiss"]
[EventRounds "5"]
[EventCountry "IRL"]
[SourceTitle "EXT 2015"]
[Source "ChessBase"]
[SourceDate "2014.11.20"]
[SourceVersion "1"]
[SourceVersionDate "2014.11.20"]
[SourceQuality "1"]

1. e4 d6 2. d4 Nf6 3. Nc3 e5 4. dxe5 dxe5 5. Qxd8+ Kxd8 6. Bg5 Bd6 7. Bxf6+ gxf6 8. Nd5 f5 9. f3 fxe4 10. fxe4 Nc6 11. 0-0-0 Be6 12. Nf3 Rg8 13. Nf6 Rg7 14. Bb5 Rxg2 15. Bxc6 bxc6 16. Rhg1 Rxg1 17. Rxg1 Ke7 18. Nxh7 1/2-1/2

[Event "Seville-ch"]
[Site "Seville"]
[Date "2013.01.27"]
[Round "2"]
[White "De Dios Ortega, Juan Manuel"]
[Black "Silva Lucena, Cristian"]
[Result "1-0"]
[WhiteElo "1864"]
[BlackElo "2062"]
[PlyCount "61"]
[EventDate "2013.01.26"]
[EventType "swiss"]
[EventRounds "6"]
[EventCountry "ESP"]
[SourceTitle "EXT 2014"]
[Source "ChessBase"]
[SourceDate "2013.11.20"]
[SourceVersion "1"]
[SourceVersionDate "2013.11.20"]
[SourceQuality "1"]

1. e4 c5 2. Nf3 d6 3. c3 Nf6 4. h3 Nbd7 5. Bd3 b6 6. 0-0 Bb7 7. Re1 e6 8. Bc2 Be7 9. d4 0-0 10. Nbd2 cxd4 11. cxd4 e5 12. Nf1 Re8 13. Ng3 Bf8 14. Bg5 b5 15. Qe2 a6 16. a4 b4 17. a5 d5 18. dxe5 Nxe5 19. Nxe5 Rxe5 20. f4 Re8 21. e5 Qc8 22. Bxf6 b3 23. Bb1 Bc5+ 24. Kh2 gxf6 25. Qh5 Kf8 26. Nf5 Re6 27. Qxh7 Ke8 28. Ng7+ Kd8 29. Bf5 fxe5 30. Rxe5 Bd6 31. Nxe6+ 1-0